000 00445nam a22001937a 4500
003 UA-OsUOA
001 44876
007 ta
008 20110625b un ||||| |||| 00| 0 ukr d
090 _a7
_bР83
942 _cBR
040 _aUA-OsUOA
_beng
_cUA-OsUOA
_dUA-OsUOA
245 _aРудницький Ждан В.
955 _a4
041 _aeng
080 _a7
650 7 _a7 Мистецтво. Ігри. Спорт.
_2UDC
999 _c424977
_d424977